Teach yourself Microsoft Excel 2000 programming in 21 days (Record no. 61869)

000 -LEADER
fixed length control field 00772nam a22002177a 4500
003 - CONTROL NUMBER IDENTIFIER
control field NUST-PNEC
005 - DATE AND TIME OF LATEST TRANSACTION
control field 20170116180733.0
008 - FIXED-LENGTH DATA ELEMENTS--GENERAL INFORMATION
fixed length control field 141120b xxu||||| |||| 00| 0 eng d
020 ## - INTERNATIONAL STANDARD BOOK NUMBER
International Standard Book Number 8176352918
020 ## - INTERNATIONAL STANDARD BOOK NUMBER
International Standard Book Number 0672315432
040 ## - CATALOGING SOURCE
Transcribing agency PNEC
082 ## - DEWEY DECIMAL CLASSIFICATION NUMBER
Classification number 005.369 HAR
100 ## - MAIN ENTRY--PERSONAL NAME
9 (RLIN) 1016
Personal name Harris Matthew
245 ## - TITLE STATEMENT
Title Teach yourself Microsoft Excel 2000 programming in 21 days
Statement of responsibility, etc. Matthew Harris
260 ## - PUBLICATION, DISTRIBUTION, ETC.
Place of publication, distribution, etc. New Delhi Techmedia 1999
300 ## - PHYSICAL DESCRIPTION
Extent xvii, 1145 p. :
Other physical details ill. :
Dimensions 24 cm.
500 ## - GENERAL NOTE
General note Includes index.
650 ## - SUBJECT ADDED ENTRY--TOPICAL TERM
General subdivision MIS, Computer
856 ## - ELECTRONIC LOCATION AND ACCESS
Uniform Resource Identifier <a href="http://www.amazon.com/Sams-Teach-Yourself-Excel-Programming/dp/0672315432/ref=sr_1_1?s=books&ie=UTF8&qid=1416463399&sr=1-1&keywords=Teach+yourself+Microsoft+Excel+2000+programming+in+21+days">http://www.amazon.com/Sams-Teach-Yourself-Excel-Programming/dp/0672315432/ref=sr_1_1?s=books&ie=UTF8&qid=1416463399&sr=1-1&keywords=Teach+yourself+Microsoft+Excel+2000+programming+in+21+days</a>
942 ## - ADDED ENTRY ELEMENTS (KOHA)
Source of classification or shelving scheme
Koha item type Book
Holdings
Withdrawn status Lost status Source of classification or shelving scheme Damaged status Not for loan Permanent Location Current Location Shelving location Date acquired Source of acquisition Cost, normal purchase price Total Checkouts Full call number Barcode Date last seen Cost, replacement price Price effective from Koha item type
          Pakistan Navy Engineering College (PNEC) Pakistan Navy Engineering College (PNEC)   03/08/2002 NUST Recurring 600.00   005.369 HAR PNECLIB-025665 11/20/2014 600.00 03/08/2002 Book
© 2023 Central Library, National University of Sciences and Technology. All Rights Reserved.